LEADER 02011nam1 2200313 450 001 000032880 005 20200415163347.0 100 $a2020041511697----km-y0itay50------ba 101 0 $alat 102 $aCH 105 $ay-------001yy 200 1 $aD. Jo. Baptistæ De Luca ... Theatrum veritatis et justitiæ, sive decisivi discursus per materias, seu titulos distincti, & ad veritatem editi in forensibus controversiis canonicis, & civilibus, in quibus, dum in urbe advocatus, pro una partium scripsit, vel consultus respondit. Tomus 1. [-15.] ... 205 $aUltima editio, cum novissimis additamentis, ex authoris schedis depromptis; necnon discursibus, antehac in supplemento sejunctim editis, suis loco & ordine insertis. Cum indicibus argumentorum, causarum ac rerum locupletissimis 210 $aColoniæ Allobrogum$csumptibus J.A. Cramer & P. Perachon$d1697$e(Lugduni$gtypis Sebastiani Roux 215 $a18 v.$dfol 300 $aL'indicazione di ed. varia nel v. 16, contenente il Conflictus legis et rationis, e manca nei v. 17-18, contenenti l'Index generalis 300 $aColophon in fine al v. 15 300 $aTesto su due col 300 $aIniziali e fregi xil. 463 \1$1001000032881$12001 $a5: 1. De usuris et interesse. 2. De cambiis. 3. De censibus. 4. De societatibus officiorum 463 \1$1001000032882$12001 $a6: De dote, lucris dotalibus et aliis dotis appenditiis 620 $aSvizzera$dGinevra 700 1$aDe Luca,$bGiovanni Battista$f<1614-1683>$077549 712 02$aCramer,$bJean Antoine & Perachon, Philibert$4650 712 02$aRoux,$bSébastien$4610 801 0$aIT$bUNIPARTHENOPE$c20200415$gRICA$2UNIMARC 912 $a000032880 996 $aD. Jo. Baptistæ De Luca ... Theatrum veritatis et justitiæ, sive decisivi discursus per materias, seu titulos distincti, & ad veritatem editi in forensibus controversiis canonicis, & civilibus, in quibus, dum in urbe advocatus, pro una partium scripsit, vel consultus respondit. Tomus 1. ..$91737582 997 $aUNIPARTHENOPE